Jak dojechać tramwajem w dane miejsce w Poznaniu? - Statystyki

Ogólne statystyki
  • Ten quiz został rozwiązany 60 razy
  • Średni wynik to 4 z 25
Statystyki odpowiedzi
Lokalizacja Linie % Poprawnych
MOPR, ul.Sienkiewicza 2
88%
Ogród Jordanowski nr 2 7
80%
Zaczarowany parasol 10
65%
Zajezdnia tramwajowa WS3 12,13,17
18%
Zajezdnia tramwajowa WS1 5,14,17
14%
Os.Piastowskie 7,12,13
14%
Ogrody działkowe im. Roosevelta 3,10
12%
Użytek ekologiczny "Traszki Ratajskie" 3,16,17,18
12%
Os.Orła Białego 1,3,17
10%
Park Tysiąclecia 6,8
10%
Uniwersytet imienia M.Abakanowicz 7,8,17
8%
Wydział Teologiczny UAM 7,8,17
8%
Skwer Czesława Janickiego 9,11
8%
Skwer Bronisława Geremka 1,6,13,15
6%
ROD im.Kopczyńskiego 1,7,11
6%
Kino Muza 2,3,5,9,13,16,19
6%
Skwer Bobowskiej 2,7,8,18
6%
Biurowiec "Omega" 2,8,18
6%
Park im.Marcinkowskiego 5,17
6%
Park Mazowieckiego 2,6,9,12,18,19
4%
Kolonia robotników kolejowych 2,9,10,19
4%
Przyjemność 2,9,19
4%
Teatr im.Cywińskiej 8,18
4%
Kościół Matki Boskiej Bolesnej 5,11,14,17
2%
Skwer Arcybiskupa Likowskiego 5,6,7,17
2%
Nie znaleziono quizów pasujących do podanych kryteriów
Rozkład punktacji
Procent ludzi z każdym wynikiem
Percentyl według liczby udzielonych odpowiedzi
Twoja historia wyników
Nie rozwiązałeś tego quizu